Films de David Cronenberg par images - Statistiques

Statistiques générales
  • Ce quiz a été pris 157 fois
  • Le résultat moyen est 4 sur 12
Statistiques - réponses
Par images Réponse % Correct
La Mouche
95%
Une histoire de violence
53%
Vidéodrome
42%
Cosmopolis
27%
Les Promesses de l'ombre
26%
A Dangerous Method
25%
Faux-semblants
24%
Le Festin nu
24%
Les Crimes du futur
24%
Chromosome 3
21%
Maps to the Stars
15%
M. Butterfly
9%
Aucun quiz correspondant
Distribution des résultats
% des personnes avec chaque résultat
Percentile par nombre de réponses
Votre historique - résultats
Vous n’avez pas pris ce quiz